LDR 01121naa#a2200217#i#450# 001 EN\\bibl\113998 005 20260513195607.3 011 ## _a2071-7318 100 ## _a20260508b2026####ek#y0engy0150####ca 102 ## _aRU 200 1# _aCONTROL OF ROBOT RECONFIGURATION USING ACTIVE SCANNING METHOD AND SATURATION STRATEGY _eJournal article 210 1# _aBelgorod _cBelgorod State Technological University named after V.G. Shukhov _d2026 215 ## _a9 с. 608 ## _aJournal article _2local 675 ## _aЗагрузочно-транспортные устройства. Манипуляторы. Промышленные роботы. 621.865.8 _aАвтоматика. Теория, методы расчета и аппаратура систем автоматического управления и регулирования. Техническая кибернетика. Техника автоматизации. 681.5 _z 686 ## _aКибернетика. 3281 _2bbk 686 ## _aРобототехника. 55.30 _2grnti 700 #1 _aWu _gQue 700 #1 _aRachkov _gM. Y. 700 #1 _aGaponenko _gE. V. 856 4# _anaukaru.ru _u